[Event "Bucharest Grand Prix op"]
[Site "Bucharest"]
[Date "2024.03.24"]
[Round "8"]
[White "Ponomariov, Ruslan"]
[Black "Zajic, Milan"]
[Result "1-0"]
[WhiteElo "2646"]
[BlackElo "2436"]
[PlyCount "167"]
[EventDate "2024.03.23"]
[EventType "swiss (rapid)"]
[EventRounds "10"]
[EventCountry "ROU"]
[SourceTitle "CB13_2024"]
[SourceDate "2024.03.27"]
[SourceVersion "1"]
[SourceVersionDate "2024.03.27"]
[SourceQuality "1"]

1. d4 Nf6 2. c4 e6 3. Nc3 Bb4 4. e3 0-0 5. Bd3 c5 6. a3 Bxc3+ 7. bxc3 d5 8. cxd5 exd5 9. Ne2 b6 10. 0-0 Ba6 11. dxc5 bxc5 12. Bxa6 Nxa6 13. c4 Rb8 14. Qa4 Qb6 15. cxd5 Nxd5 16. Rd1 Nf6 17. Bd2 Qb5 18. Nc3 Qxa4 19. Nxa4 Rfc8 20. f3 c4 21. Bc3 Rb3 22. Bd4 h6 23. e4 c3 24. Rd3 Rc4 25. Nxc3 Rxd4 26. Rxd4 Rxc3 27. Ra4 Rc6 28. Rd1 Kf8 29. Rd8+ Ke7 30. Ra8 Nd7 31. Rxa7 Rc1+ 32. Kf2 Nac5 33. Rd4 Rc2+ 34. Kf1 Rc1+ 35. Ke2 Ra1 36. Rd1 Ra2+ 37. Rd2 Ra1 38. h4 h5 39. Rd5 Ra2+ 40. Ke3 Ke6 41. Rxh5 Rxg2 42. Rg5 Rh2 43. Ra5 Nb7 44. Ra6+ Ke7 45. Rxg7 Rxh4 46. Rg5 Rh1 47. Rd5 Nbc5 48. Ra7 Ke6 49. Ra8 Ke7 50. a4 Ra1 51. a5 Ra3+ 52. Ke2 Ra2+ 53. Rd2 Ra3 54. Ra7 Ke6 55. Rd5 Ra2+ 56. Ke3 Ra3+ 57. Kd4 Ra4+ 58. Kc3 Ra3+ 59. Kb4 Rb3+ 60. Kc4 Rb1 61. a6 Rc1+ 62. Kb5 Rb1+ 63. Kc4 Rc1+ 64. Kd4 Rd1+ 65. Ke3 Ra1 66. Kf4 Ra3 67. Rc7 Rxa6 68. Rcxc5 Nxc5 69. Rxc5 Ra3 70. Rc6+ Kd7 71. Rb6 Ke7 72. e5 Rc3 73. Ke4 Ra3 74. f4 Ra4+ 75. Kf5 Rc4 76. Rb7+ Kf8 77. Kg5 Re4 78. f5 Rxe5 79. Kf6 Re8 80. Rxf7+ Kg8 81. Rg7+ Kf8 82. Ra7 Kg8 83. Kg6 Rd8 84. f6 1-0

[Event "Chessable Play In Match D3"]
[Site "Chess.com INT"]
[Date "2024.02.01"]
[Round "1.2"]
[White "Dragun, Kamil"]
[Black "Ponomariov, Ruslan"]
[Result "1/2-1/2"]
[WhiteElo "2541"]
[BlackElo "2647"]
[PlyCount "131"]
[EventDate "2024.02.01"]
[EventType "k.o. (rapid)"]
[EventRounds "1"]
[EventCountry "USA"]
[SourceTitle "CB06_2024"]
[SourceDate "2024.02.07"]
[SourceVersion "1"]
[SourceVersionDate "2024.02.07"]
[SourceQuality "1"]

1. d4 Nf6 2. c4 e6 3. Nc3 Bb4 4. e3 0-0 5. Bd3 c5 6. Nge2 d5 7. cxd5 cxd4 8. exd4 Nxd5 9. 0-0 Nc6 10. a3 Ba5 11. Bc2 Qh4 12. Nxd5 exd5 13. Nf4 Be6 14. Qd3 g6 15. Nxe6 fxe6 16. Be3 Rf7 17. g3 Qf6 18. Rad1 Qf3 19. b4 Bb6 20. Rd2 Rc8 21. Bd1 Qf5 22. Qxf5 exf5 23. Bb3 Rd7 24. Rc1 Ne7 25. Rxc8+ Nxc8 26. a4 a5 27. Rc2 Ne7 28. bxa5 Bxa5 29. Rc5 b6 30. Rc2 Kf7 31. Bf4 Bb4 32. Be5 Bd6 33. f4 Ke6 34. Kf2 Ra7 35. Ke3 Ra5 36. Kd3 Kd7 37. Rb2 Nc6 38. Bd1 Bc7 39. g4 Ne7 40. h3 Ra8 41. Rb5 Ra5 42. Rb2 Ra8 43. h4 fxg4 44. Bxg4+ Nf5 45. Rb4 h5 46. Bh3 Bd8 47. Rb5 Ra5 48. Rb4 Kc6 49. Bxf5 gxf5 50. Rb2 Rxa4 51. Rc2+ Kd7 52. Rc1 Ra3+ 53. Ke2 Rg3 54. Ra1 Bxh4 55. Ra7+ Kc6 56. Rf7 b5 57. Rxf5 b4 58. Rxh5 Bd8 59. Rh8 Bb6 60. f5 Rg5 61. f6 Rf5 62. Rc8+ Kd7 63. Rb8 Bd8 64. Rxb4 Bxf6 65. Bxf6 Rxf6 66. Ke3 1/2-1/2

[Event "Chessable Play In Match D3"]
[Site "Chess.com INT"]
[Date "2024.02.01"]
[Round "1.3"]
[White "Ponomariov, Ruslan"]
[Black "Dragun, Kamil"]
[Result "1-0"]
[WhiteElo "2647"]
[BlackElo "2541"]
[PlyCount "55"]
[EventDate "2024.02.01"]
[EventType "k.o. (rapid)"]
[EventRounds "1"]
[EventCountry "USA"]
[SourceTitle "CB06_2024"]
[SourceDate "2024.02.07"]
[SourceVersion "1"]
[SourceVersionDate "2024.02.07"]
[SourceQuality "1"]

1. d4 Nf6 2. c4 e6 3. Nc3 Bb4 4. e3 0-0 5. Bd3 c5 6. a3 Bxc3+ 7. bxc3 d5 8. cxd5 exd5 9. Ne2 b6 10. 0-0 Ba6 11. dxc5 bxc5 12. Bxa6 Nxa6 13. c4 dxc4 14. Qa4 Nc7 15. Rd1 Qe7 16. Qxc4 Rab8 17. Bd2 Ne4 18. Be1 Nb5 19. Nf4 Nbd6 20. Qc2 Qe5 21. Rac1 Rb2 22. Qa4 Ra2 23. Qxa7 Qb2 24. Rb1 Rxa3 25. Qe7 Qc2 26. f3 Rxe3 27. fxe4 Nxe4 28. Nd5 1-0

[Event "Chessable Masters Play In"]
[Site "Chess.com INT"]
[Date "2024.01.31"]
[Round "6"]
[White "Firouzja, Alireza"]
[Black "Ponomariov, Ruslan"]
[Result "1-0"]
[WhiteElo "2759"]
[BlackElo "2647"]
[PlyCount "97"]
[EventDate "2024.01.31"]
[EventType "swiss (rapid)"]
[EventRounds "9"]
[EventCountry "USA"]
[SourceTitle "CB06_2024"]
[SourceDate "2024.02.07"]
[SourceVersion "1"]
[SourceVersionDate "2024.02.07"]
[SourceQuality "1"]

1. e4 c5 2. Nf3 d6 3. d4 cxd4 4. Qxd4 Nf6 5. Bg5 Nc6 6. Bb5 Qa5+ 7. Nc3 Qxb5 8. Nxb5 Nxd4 9. Nfxd4 Nxe4 10. Nc7+ Kd8 11. Nxa8 Nxg5 12. Nb5 a6 13. Nc3 b5 14. h4 Ne6 15. a4 b4 16. Nd5 Bb7 17. Nab6 a5 18. 0-0-0 Nc5 19. Nc4 e6 20. Nde3 Kc7 21. Nxa5 Ba6 22. Nb3 Nxa4 23. Rd4 d5 24. c4 Nc5 25. Nxc5 Bxc5 26. Rf4 dxc4 27. Rxf7+ Kb6 28. Re1 Rd8 29. Rxg7 c3 30. bxc3 bxc3 31. Kc2 Bb4 32. Rd1 Rf8 33. Kb3 Bc5 34. Kxc3 Rxf2 35. Nc4+ Bxc4 36. Kxc4 Rf4+ 37. Kd3 Rxh4 38. Re1 Rh6 39. g4 Kc6 40. Re5 Bf8 41. Rg8 Kd6 42. Ra5 Rf6 43. Ke4 h6 44. Ra8 Ke7 45. Ke5 Rf7 46. Rgxf8 Rxf8 47. Ra7+ Kd8 48. Kd6 Ke8 49. Kxe6 1-0

[Event "Wch Blitz"]
[Site "Samarkand"]
[Date "2023.12.30"]
[Round "12"]
[White "Ponomariov, Ruslan"]
[Black "Madaminov, Mukhiddin"]
[Result "1-0"]
[WhiteElo "2646"]
[BlackElo "2494"]
[PlyCount "105"]
[EventDate "2023.12.29"]
[EventType "swiss (blitz)"]
[EventRounds "21"]
[EventCountry "UZB"]
[SourceTitle "CB01_2024"]
[SourceDate "2024.01.03"]
[SourceVersion "1"]
[SourceVersionDate "2024.01.03"]
[SourceQuality "1"]

1. d4 Nf6 2. c4 g6 3. Nc3 d5 4. cxd5 Nxd5 5. e4 Nxc3 6. bxc3 Bg7 7. Bc4 c5 8. Ne2 Nc6 9. Be3 0-0 10. 0-0 b6 11. Rc1 Bb7 12. Bb5 a6 13. Bxc6 Bxc6 14. d5 Bb7 15. Qb3 Rb8 16. c4 Bc8 17. f4 e6 18. Nc3 Re8 19. e5 exd5 20. cxd5 Bf5 21. Rfd1 Qd7 22. d6 Rec8 23. Nd5 Be6 24. Qd3 Bxd5 25. Qxd5 h5 26. h3 Kh7 27. Rb1 Re8 28. Rb3 f6 29. exf6 Bxf6 30. Bf2 Re2 31. Bxc5 b5 32. Re3 Rxe3 33. Bxe3 Re8 34. Bf2 Bg7 35. Rc1 Rd8 36. Rc6 Qe8 37. Rxa6 Rd7 38. Ra7 Rxa7 39. Bxa7 Qe1+ 40. Kh2 h4 41. d7 Qg3+ 42. Kh1 Bf6 43. d8Q Bxd8 44. Qxd8 Qxf4 45. Qd7+ Kh6 46. Qxb5 g5 47. Qe2 Qa4 48. Be3 Qc6 49. Qg4 Kh7 50. Qh5+ Kg8 51. Qxg5+ Kf7 52. Qxh4 Qc2 53. Qf2+ 1-0

[Event "Wch Blitz"]
[Site "Samarkand"]
[Date "2023.12.30"]
[Round "15"]
[White "Vakhidov, Jahongir"]
[Black "Ponomariov, Ruslan"]
[Result "0-1"]
[WhiteElo "2599"]
[BlackElo "2646"]
[PlyCount "118"]
[EventDate "2023.12.29"]
[EventType "swiss (blitz)"]
[EventRounds "21"]
[EventCountry "UZB"]
[SourceTitle "CB01_2024"]
[SourceDate "2024.01.03"]
[SourceVersion "1"]
[SourceVersionDate "2024.01.03"]
[SourceQuality "1"]

1. c4 c6 2. d4 Nf6 3. Nc3 d5 4. cxd5 cxd5 5. Bf4 Nc6 6. e3 a6 7. Be2 Bf5 8. Nf3 e6 9. Qb3 Ra7 10. Ne5 Nxe5 11. Bxe5 Nd7 12. 0-0 b5 13. Rad1 Qb6 14. Bf3 Nxe5 15. dxe5 Be7 16. e4 dxe4 17. Bxe4 Bxe4 18. Nxe4 0-0 19. h3 Rd8 20. Rxd8+ Qxd8 21. Rd1 Rd7 22. Rc1 Rd4 23. Ng3 g6 24. Kh2 Rd2 25. Rc2 Kg7 26. a3 Bg5 27. Ne4 Bf4+ 28. g3 Rxc2 29. Qxc2 Bxe5 30. f4 Bd4 31. h4 h6 32. h5 gxh5 33. Qe2 Qd5 34. b4 Qf5 35. Nd2 h4 36. Nf3 hxg3+ 37. Kxg3 Bf6 38. Qe3 h5 39. Kg2 Qg4+ 40. Kf2 h4 41. Ng1 Qf5 42. Kg2 Qc2+ 43. Kh3 Qc3 44. Qxc3 Bxc3 45. Nf3 Bb2 46. Ne1 Bxa3 47. Nc2 Bb2 48. Kxh4 Kf6 49. Kg4 Ke7 50. Kf3 Kd6 51. Ke4 f5+ 52. Kf3 Kd5 53. Ne1 Bc3 54. Nd3 Bd4 55. Ke2 Kc4 56. Kd2 Bc3+ 57. Kc2 Bxb4 58. Ne5+ Kd5 59. Nf3 Bd6 0-1

[Event "Wch Blitz"]
[Site "Samarkand"]
[Date "2023.12.29"]
[Round "1"]
[White "Agmanov, Zhandos"]
[Black "Ponomariov, Ruslan"]
[Result "0-1"]
[WhiteElo "2460"]
[BlackElo "2646"]
[PlyCount "153"]
[EventDate "2023.12.29"]
[EventType "swiss (blitz)"]
[EventRounds "21"]
[EventCountry "UZB"]
[SourceTitle "CB01_2024"]
[SourceDate "2024.01.03"]
[SourceVersion "1"]
[SourceVersionDate "2024.01.03"]
[SourceQuality "1"]

1. e4 e5 2. Nf3 Nc6 3. Bb5 a6 4. Ba4 Nf6 5. 0-0 d6 6. Re1 Bd7 7. c3 g6 8. d4 Bg7 9. h3 0-0 10. Bc2 Qe8 11. a4 Kh8 12. Be3 Nh5 13. Nbd2 b6 14. Nc4 Rd8 15. Qe2 Bc8 16. Rad1 h6 17. dxe5 dxe5 18. b4 Nf4 19. Qf1 Qe7 20. b5 axb5 21. axb5 Na7 22. Rxd8 Rxd8 23. Nb2 Be6 24. Rd1 Nc8 25. Rxd8+ Qxd8 26. Qd1 Qxd1+ 27. Bxd1 Nd6 28. Bc2 Ne2+ 29. Kf1 Nxc3 30. Nd3 f6 31. Nb4 Bc4+ 32. Ke1 Ncxb5 33. Nd2 Be6 34. Na6 Kg8 35. h4 h5 36. g3 Kf7 37. f4 Ke7 38. fxe5 fxe5 39. Nf3 Kd7 40. Nb8+ Ke8 41. Nc6 Nc4 42. Bg5 Nd4 43. Nfxd4 exd4 44. e5 Bf5 45. Ba4 Nb2 46. Bb5 Bd3 47. Nxd4+ Bxb5 48. Nxb5 Bxe5 49. Kf2 c6 50. Na3 b5 51. Kf3 Kd7 52. Bc1 Nd3 53. Bd2 Ke6 54. Nc2 c5 55. g4 c4 56. gxh5 gxh5 57. Ke4 Nc5+ 58. Ke3 Kf5 59. Bb4 Ne6 60. Kd2 Nd4 61. Ne3+ Ke4 62. Nd1 Bf4+ 63. Kc3 Nc6 64. Bf8 Be5+ 65. Kd2 b4 66. Nf2+ Kf5 67. Nd1 Bd4 68. Ke2 b3 69. Ba3 Ke4 70. Kd2 Ne5 71. Nc3+ Bxc3+ 72. Kxc3 Kd5 73. Be7 Nd3 74. Bf6 Nf2 75. Bg7 Ne4+ 76. Kb2 Kc5 77. Ka3 0-1

[Event "Wch Blitz"]
[Site "Samarkand"]
[Date "2023.12.29"]
[Round "5"]
[White "Bai, Jinshi"]
[Black "Ponomariov, Ruslan"]
[Result "1-0"]
[WhiteElo "2585"]
[BlackElo "2646"]
[PlyCount "54"]
[EventDate "2023.12.29"]
[EventType "swiss (blitz)"]
[EventRounds "21"]
[EventCountry "UZB"]
[SourceTitle "CB01_2024"]
[SourceDate "2024.01.03"]
[SourceVersion "1"]
[SourceVersionDate "2024.01.03"]
[SourceQuality "1"]

1. Nf3 Nf6 2. g3 g6 3. Bg2 Bg7 4. 0-0 0-0 5. d4 d5 6. c4 dxc4 7. Na3 c5 8. dxc5 c3 9. Nb5 Na6 10. Nxc3 Nxc5 11. Be3 Nce4 12. Nxe4 Nxe4 13. Bd4 Bxd4 14. Nxd4 Nf6 15. Nb3 Qb6 16. Qd4 Qxd4 17. Nxd4 Rd8 18. Rfd1 Rb8 19. Rac1 Kf8 20. h3 Bd7 21. Rc7 Be8 22. Rd2 Nd5 23. g4 h6 24. Rc5 Nf6 25. Rc7 Nd5 26. Rc1 Nf6 27. e3 a5 1-0

[Event "Wch Blitz"]
[Site "Samarkand"]
[Date "2023.12.29"]
[Round "10"]
[White "Ponomariov, Ruslan"]
[Black "Karthik, Venkataraman"]
[Result "0-1"]
[WhiteElo "2646"]
[BlackElo "2609"]
[PlyCount "84"]
[EventDate "2023.12.29"]
[EventType "swiss (blitz)"]
[EventRounds "21"]
[EventCountry "UZB"]
[SourceTitle "CB01_2024"]
[SourceDate "2024.01.03"]
[SourceVersion "1"]
[SourceVersionDate "2024.01.03"]
[SourceQuality "1"]

1. d4 d5 2. c4 e6 3. Nc3 Nf6 4. cxd5 exd5 5. Bg5 c6 6. Qc2 g6 7. e3 Bf5 8. Bd3 Bxd3 9. Qxd3 Nbd7 10. Nge2 Bg7 11. 0-0 0-0 12. f3 h6 13. Bh4 Re8 14. Rad1 Qe7 15. Bf2 Rad8 16. Kh1 Nb6 17. b3 Rc8 18. Ng3 c5 19. dxc5 Qxc5 20. Nb5 a6 21. Nd4 Qa5 22. a4 Nbd7 23. Nge2 Qb6 24. h3 Bf8 25. Rc1 Ba3 26. Rxc8 Rxc8 27. Nf4 Ne5 28. Qd1 Rc1 29. Qe2 Qc7 30. Rd1 Qc3 31. Kg1 g5 32. Nf5 gxf4 33. exf4 Ng6 34. Nxh6+ Kh7 35. Nxf7 Nxf4 36. Qf1 Qxb3 37. Rxc1 Bxc1 38. Kh2 Qc2 39. Bd4 N6h5 40. Ne5 Ne2 41. Qf2 Bf4+ 42. Kh1 Qd1+ 0-1

[Event "FIDE Grand Swiss"]
[Site "Douglas"]
[Date "2023.11.05"]
[Round "11"]
[White "Ponomariov, Ruslan"]
[Black "Navara, David"]
[Result "1/2-1/2"]
[WhiteElo "2641"]
[BlackElo "2689"]
[PlyCount "71"]
[EventDate "2023.10.25"]
[EventType "swiss"]
[EventRounds "11"]
[EventCountry "IOM"]
[SourceTitle "Mega2024 Update 01"]
[Source "Chessbase"]
[SourceDate "2023.11.12"]
[SourceVersion "1"]
[SourceVersionDate "2023.11.12"]
[SourceQuality "1"]

1. Nf3 d5 2. g3 g6 3. Bg2 Bg7 4. d4 Nf6 5. 0-0 0-0 6. c3 Nbd7 7. a4 b6 8. a5 Ba6 9. Re1 c5 10. Bf4 Nh5 11. Be3 e6 12. Qc1 Qc7 13. Bh6 bxa5 14. Bxg7 Kxg7 15. Nbd2 Rab8 16. Ra2 cxd4 17. Nxd4 e5 18. N4b3 Bc4 19. Ra3 a4 20. Nxc4 Qxc4 21. Nd2 Qb5 22. c4 dxc4 23. Nxc4 Rfc8 24. Rc3 Nhf6 25. Qc2 Nd5 26. Bxd5 Qxd5 27. Qxa4 Rxb2 28. Rd1 Nc5 29. Nxb2 Nxa4 30. Rxd5 Nxc3 31. Rxe5 Kf6 32. Ra5 Nxe2+ 33. Kf1 Rc1+ 34. Kxe2 Rc2+ 35. Kf3 Rxb2 36. Rxa7 1/2-1/2

[Event "FIDE Grand Swiss"]
[Site "Douglas"]
[Date "2023.11.04"]
[Round "10"]
[White "Tari, Aryan"]
[Black "Ponomariov, Ruslan"]
[Result "1/2-1/2"]
[WhiteElo "2619"]
[BlackElo "2641"]
[PlyCount "96"]
[EventDate "2023.10.25"]
[EventType "swiss"]
[EventRounds "11"]
[EventCountry "IOM"]
[SourceTitle "Mega2024 Update 01"]
[Source "Chessbase"]
[SourceDate "2023.11.12"]
[SourceVersion "1"]
[SourceVersionDate "2023.11.12"]
[SourceQuality "1"]

1. e4 e5 2. Nf3 Nc6 3. Bc4 Nf6 4. Ng5 d5 5. exd5 Na5 6. Bb5+ c6 7. dxc6 bxc6 8. Bd3 Nd5 9. h4 g6 10. Nc3 h6 11. Nxd5 cxd5 12. Bb5+ Bd7 13. Bxd7+ Qxd7 14. Nf3 Bg7 15. d4 exd4 16. 0-0 0-0 17. Nxd4 Rfe8 18. c3 Nc4 19. Qd3 Qg4 20. Nf3 Rad8 21. b3 Ne5 22. Nxe5 Rxe5 23. g3 Qe2 24. Qxe2 Rxe2 25. Be3 Bxc3 26. Rad1 d4 27. Rd3 Rxa2 28. Rfd1 Rb8 29. Bxd4 Bxd4 30. Rxd4 Rxb3 31. Rf4 Rb7 32. Rd6 h5 33. Kg2 a6 34. g4 hxg4 35. Rxg4 Kf8 36. Rd8+ Ke7 37. Ra8 Kd6 38. Rf4 Ke5 39. Rf3 a5 40. Re8+ Kd5 41. Rf8 Ra4 42. R3xf7 Rxf7 43. Rxf7 Rxh4 44. Rg7 Rg4+ 45. Kh3 Rg1 46. Kh2 Rg5 47. f4 Rg4 48. Ra7 Rxf4 1/2-1/2

[Event "FIDE Grand Swiss"]
[Site "Douglas"]
[Date "2023.11.02"]
[Round "8"]
[White "Vokhidov, Shamsiddin"]
[Black "Ponomariov, Ruslan"]
[Result "1/2-1/2"]
[WhiteElo "2578"]
[BlackElo "2641"]
[PlyCount "121"]
[EventDate "2023.10.25"]
[EventType "swiss"]
[EventRounds "11"]
[EventCountry "IOM"]
[SourceTitle "Mega2024 Update 01"]
[Source "Chessbase"]
[SourceDate "2023.11.12"]
[SourceVersion "1"]
[SourceVersionDate "2023.11.12"]
[SourceQuality "1"]

1. e4 c6 2. d4 d5 3. exd5 cxd5 4. Bd3 Nc6 5. c3 Nf6 6. Bf4 Bg4 7. Qb3 Qc8 8. Nd2 e6 9. Ngf3 Be7 10. 0-0 Bh5 11. Rfe1 Bg6 12. Bxg6 hxg6 13. Qb5 Nd7 14. g3 a6 15. Qd3 b5 16. a4 bxa4 17. Rxa4 a5 18. h4 0-0 19. Kg2 Qb7 20. b3 Rfc8 21. Raa1 Nf6 22. Ra2 Ne4 23. Re2 Bf6 24. Nxe4 dxe4 25. Qxe4 Qxb3 26. Rec2 a4 27. Bd6 Be7 28. Ra3 Qb6 29. Bxe7 Nxe7 30. Ne5 Qb1 31. Qe2 Qb7+ 32. Qf3 Qxf3+ 33. Kxf3 Nc6 34. Nxc6 Rxc6 35. Ke4 Kf8 36. Rb2 Rc7 37. Rb4 Ke7 38. c4 Rca7 39. Kd3 Kd6 40. Kc3 Kc6 41. Rb5 Ra6 42. Kb4 R6a7 43. g4 Rd8 44. Rc5+ Kb6 45. Rb5+ Kc6 46. Kc3 Rh8 47. h5 gxh5 48. gxh5 Rh6 49. Kb4 Rf6 50. Rxa4 Rxa4+ 51. Kxa4 Rxf2 52. Rg5 Rf4 53. Rxg7 Rxd4 54. Rxf7 Rxc4+ 55. Kb3 Rh4 56. Rh7 Kd5 57. h6 Ke5 58. Rh8 Kf6 59. Kc3 Kg6 60. Re8 Rxh6 61. Rxe6+ 1/2-1/2

[Event "ESP-chT CECLUB Div1"]
[Site "Linares"]
[Date "2023.08.21"]
[Round "2.1"]
[White "Ponomariov, Ruslan"]
[Black "Mendonca, Leon Luke"]
[Result "1/2-1/2"]
[WhiteElo "2650"]
[BlackElo "2628"]
[PlyCount "49"]
[EventDate "2023.08.20"]
[EventType "team-tourn"]
[EventRounds "7"]
[EventCountry "ESP"]
[SourceTitle "CBM 215 Extra"]
[Source "ChessBase"]
[SourceDate "2023.09.30"]
[SourceVersion "1"]
[SourceVersionDate "2023.09.30"]
[SourceQuality "1"]
[WhiteTeam "Benalmadena Medio Ambiente"]
[BlackTeam "Sestao Hotel Naval"]
[WhiteTeamCountry "ESP"]
[BlackTeamCountry "ESP"]

1. e4 e6 2. d4 d5 3. Nc3 Nf6 4. e5 Nfd7 5. f4 c5 6. Nf3 Nc6 7. Be3 a6 8. a3 cxd4 9. Nxd4 Bc5 10. Qd2 g5 11. Nf3 d4 12. Bxd4 Nxd4 13. Nxd4 gxf4 14. Qxf4 Nxe5 15. 0-0-0 Ng6 16. Qe4 Qh4 17. Qxh4 Nxh4 18. g3 Ng6 19. Bg2 Ra7 20. Rhe1 0-0 21. Na4 Be7 22. Nb6 Bc5 23. Na4 Be7 24. Nb6 Bc5 25. Na4 1/2-1/2

[Event "FIDE World Cup"]
[Site "Baku"]
[Date "2023.08.10"]
[Round "4.2"]
[White "Ponomariov, Ruslan"]
[Black "Berkes, Ferenc"]
[Result "1/2-1/2"]
[WhiteElo "2664"]
[BlackElo "2615"]
[PlyCount "115"]
[EventDate "2023.07.30"]
[EventType "k.o."]
[EventRounds "8"]
[EventCountry "AZE"]
[SourceTitle "EXT 2024"]
[Source "ChessBase"]
[SourceDate "2023.10.10"]
[SourceVersion "1"]
[SourceVersionDate "2023.10.10"]
[SourceQuality "1"]

1. e4 e6 2. d4 d5 3. Nc3 dxe4 4. Nxe4 Nd7 5. Nf3 Ngf6 6. Nxf6+ Nxf6 7. c3 c5 8. Ne5 a6 9. Be3 Qc7 10. Qa4+ Nd7 11. Bb5 cxd4 12. Bxd7+ Bxd7 13. Qxd4 Bc8 14. 0-0-0 f6 15. Nc4 e5 16. Qd5 Bf5 17. f4 Rc8 18. Nb6 Rd8 19. Qxd8+ Qxd8 20. Rxd8+ Kxd8 21. fxe5 fxe5 22. Rd1+ Kc7 23. Nc4 b5 24. Nxe5 Be7 25. Nf3 Bd6 26. Rd4 Be6 27. b3 Rf8 28. Kd2 h6 29. Ke2 Re8 30. Kf2 Rf8 31. h3 Rf7 32. Rd2 g5 33. Ke2 Re7 34. Nd4 Bc8 35. Kd3 Rf7 36. g4 Rf1 37. Rf2 Rd1+ 38. Ke2 Rh1 39. Rf7+ Bd7 40. c4 bxc4 41. bxc4 Rxh3 42. c5 Bxc5 43. Ne6+ Kc6 44. Nxc5 Bxg4+ 45. Kd3 Rxe3+ 46. Kxe3 Kxc5 47. Rf6 a5 48. Rxh6 Kb4 49. Rg6 a4 50. Kd4 Ka3 51. Rxg5 Be6 52. Kc3 Kxa2 53. Rg2+ Ka1 54. Kb4 Bb3 55. Ka3 Kb1 56. Rb2+ Kc1 57. Rxb3 axb3 58. Kxb3 1/2-1/2

[Event "FIDE World Cup"]
[Site "Baku"]
[Date "2023.08.06"]
[Round "3.2"]
[White "Ponomariov, Ruslan"]
[Black "Le, Quang Liem"]
[Result "1/2-1/2"]
[WhiteElo "2664"]
[BlackElo "2728"]
[PlyCount "65"]
[EventDate "2023.07.30"]
[EventType "k.o."]
[EventRounds "8"]
[EventCountry "AZE"]
[SourceTitle "EXT 2024"]
[Source "ChessBase"]
[SourceDate "2023.10.10"]
[SourceVersion "1"]
[SourceVersionDate "2023.10.10"]
[SourceQuality "1"]

1. e4 e5 2. Nf3 Nc6 3. Bb5 Nf6 4. d3 Bc5 5. Bg5 h6 6. Bh4 d6 7. c3 0-0 8. Nbd2 Bd7 9. 0-0 a6 10. Ba4 Ba7 11. Re1 Kh8 12. Nf1 g5 13. Bg3 Nh7 14. Ne3 h5 15. h3 Bxe3 16. Rxe3 f6 17. d4 Qe8 18. Bb3 Rd8 19. h4 g4 20. Nh2 Qg6 21. Nf1 Na5 22. Qd3 Nxb3 23. axb3 Rf7 24. Rae1 Re8 25. Kh2 Qh6 26. R3e2 Be6 27. c4 Nf8 28. Ne3 Ng6 29. Nd5 Qg7 30. Ne3 Qh7 31. Nd5 Qg7 32. Ne3 Qh7 33. Nd5 1/2-1/2

[Event "FIDE World Cup"]
[Site "Baku"]
[Date "2023.08.04"]
[Round "2.3"]
[White "Kollars, Dmitrij"]
[Black "Ponomariov, Ruslan"]
[Result "1-0"]
[WhiteElo "2618"]
[BlackElo "2664"]
[PlyCount "153"]
[EventDate "2023.07.30"]
[EventType "k.o."]
[EventRounds "8"]
[EventCountry "AZE"]
[SourceTitle "EXT 2024"]
[Source "ChessBase"]
[SourceDate "2023.10.10"]
[SourceVersion "1"]
[SourceVersionDate "2023.10.10"]
[SourceQuality "1"]

1. e4 e5 2. Nf3 Nc6 3. Bc4 Bc5 4. c3 Nf6 5. d3 d6 6. 0-0 a5 7. Re1 0-0 8. h3 h6 9. d4 Bb6 10. Be3 Re8 11. dxe5 Nxe5 12. Nxe5 dxe5 13. Bxb6 cxb6 14. Na3 Be6 15. Qb3 Qc7 16. Rad1 Rac8 17. Bxe6 Rxe6 18. Nb5 Qc5 19. a4 g6 20. g3 Kg7 21. Kg2 h5 22. f3 h4 23. g4 Qe7 24. Qa3 Rc5 25. Rd3 Nh7 26. b3 Ng5 27. Qc1 Qf6 28. Red1 Re7 29. Qe3 Ne6 30. Kh2 Rc6 31. Rd6 Qf4+ 32. Qxf4 exf4 33. R1d5 Nc7 34. Nxc7 Rexc7 35. c4 Rxd6 36. Rxd6 Rc6 37. Rd5 Kf6 38. Kg2 Ke6 39. Kf2 f6 40. Ke2 g5 41. Kd3 Rc7 42. Kc3 Rc8 43. Kd4 Rc6 44. e5 fxe5+ 45. Rxe5+ Kf6 46. Rf5+ Kg6 47. Ke5 Rc5+ 48. Ke6 Rc7 49. Kd6 Rc8 50. Kd7 Rc6 51. Rd5 Kf6 52. Rd6+ Ke5 53. Rxc6 bxc6 54. Kxc6 Kd4 55. Kxb6 Ke3 56. c5 Kxf3 57. c6 Kg2 58. c7 f3 59. c8Q f2 60. Qc6+ Kg1 61. Qc5 Kg2 62. Qd5+ Kg1 63. Qd4 Kg2 64. Qe4+ Kg1 65. Qe3 Kg2 66. Qe2 Kg1 67. Kxa5 f1Q 68. Qxf1+ Kxf1 69. b4 Kg2 70. b5 Kxh3 71. b6 Kg2 72. b7 h3 73. b8Q h2 74. Kb4 h1Q 75. Qb7+ Kg1 76. Qxh1+ Kxh1 77. a5 1-0

[Event "FIDE World Cup"]
[Site "Baku"]
[Date "2023.08.04"]
[Round "2.4"]
[White "Ponomariov, Ruslan"]
[Black "Kollars, Dmitrij"]
[Result "1-0"]
[WhiteElo "2664"]
[BlackElo "2618"]
[PlyCount "115"]
[EventDate "2023.07.30"]
[EventType "k.o."]
[EventRounds "8"]
[EventCountry "AZE"]
[SourceTitle "EXT 2024"]
[Source "ChessBase"]
[SourceDate "2023.10.10"]
[SourceVersion "1"]
[SourceVersionDate "2023.10.10"]
[SourceQuality "1"]

1. d4 d5 2. c4 e6 3. Nf3 Nf6 4. g3 dxc4 5. Bg2 Nc6 6. 0-0 Rb8 7. e3 Be7 8. Qe2 b5 9. b3 cxb3 10. axb3 0-0 11. Bd2 a6 12. Rc1 Bb7 13. Ne1 Nb4 14. Bxb7 Rxb7 15. Bxb4 Bxb4 16. Rxa6 Qd5 17. Qc2 Bxe1 18. Rxe1 Ne4 19. Nc3 Nxc3 20. Qxc3 b4 21. Qc2 e5 22. Rd1 Rd8 23. e4 Qb5 24. dxe5 Rbb8 25. Ra4 Qxe5 26. Rxb4 Rxd1+ 27. Qxd1 Re8 28. Rc4 g6 29. b4 Ra8 30. Kg2 h5 31. Qd7 Rb8 32. h4 Kg7 33. Qd5 Qxd5 34. exd5 Rb5 35. Kf3 Rxd5 36. Rxc7 Rd4 37. b5 Rb4 38. Rc5 Kf6 39. Ke3 Ke6 40. Rc6+ Kd5 41. Rb6 Ke5 42. Rb7 Rb3+ 43. Ke2 Rb2+ 44. Kf3 Rb3+ 45. Kg2 f6 46. b6 Kf5 47. Rb8 Kg4 48. b7 Kf5 49. f3 Rb2+ 50. Kf1 Rb3 51. Ke2 Rb2+ 52. Kd3 Rb4 53. Kc3 Rb1 54. Kc4 Rb2 55. Kc5 Rb1 56. Kc6 Rc1+ 57. Kd6 Rb1 58. Rc8 1-0

[Event "FIDE World Cup"]
[Site "Baku"]
[Date "2023.08.03"]
[Round "2.2"]
[White "Kollars, Dmitrij"]
[Black "Ponomariov, Ruslan"]
[Result "1/2-1/2"]
[WhiteElo "2618"]
[BlackElo "2664"]
[PlyCount "51"]
[EventDate "2023.07.30"]
[EventType "k.o."]
[EventRounds "8"]
[EventCountry "AZE"]
[SourceTitle "EXT 2024"]
[Source "ChessBase"]
[SourceDate "2023.10.10"]
[SourceVersion "1"]
[SourceVersionDate "2023.10.10"]
[SourceQuality "1"]

1. e4 e5 2. Nf3 Nc6 3. Bc4 Bc5 4. c3 Nf6 5. d3 d6 6. 0-0 a5 7. Bg5 h6 8. Bh4 g5 9. Bg3 Bg4 10. Nbd2 Nh5 11. Kh1 0-0 12. h3 Be6 13. Bh2 Ng7 14. a3 Bxc4 15. Nxc4 b5 16. Nxa5 Nxa5 17. b4 Bb6 18. bxa5 Rxa5 19. a4 bxa4 20. Rxa4 Rxa4 21. Qxa4 Qe8 22. Qc4 Qe6 23. Qc6 Qe8 24. Qc4 Qe6 25. Qc6 Qe8 26. Qc4 1/2-1/2

[Event "FIDE World Cup"]
[Site "Baku"]
[Date "2023.08.02"]
[Round "2.1"]
[White "Ponomariov, Ruslan"]
[Black "Kollars, Dmitrij"]
[Result "1/2-1/2"]
[WhiteElo "2664"]
[BlackElo "2618"]
[PlyCount "61"]
[EventDate "2023.07.30"]
[EventType "k.o."]
[EventRounds "8"]
[EventCountry "AZE"]
[SourceTitle "EXT 2024"]
[Source "ChessBase"]
[SourceDate "2023.10.10"]
[SourceVersion "1"]
[SourceVersionDate "2023.10.10"]
[SourceQuality "1"]

1. Nf3 d5 2. g3 g6 3. Bg2 Bg7 4. d4 Nf6 5. c4 dxc4 6. Na3 0-0 7. 0-0 c5 8. Nxc4 Be6 9. Nfe5 Qc8 10. dxc5 Nfd7 11. Nxd7 Nxd7 12. c6 bxc6 13. Na5 Bd5 14. Bxd5 cxd5 15. Qxd5 Nf6 16. Qf3 Qe6 17. Be3 Ng4 18. Bf4 Rac8 19. Rac1 Bxb2 20. Rc6 Ne5 21. Bxe5 Qxe5 22. Rb1 Qxa5 23. Rxb2 Rxc6 24. Qxc6 Rd8 25. Kg2 Qe5 26. Rc2 Kg7 27. Qc3 Qxc3 28. Rxc3 Rd2 29. Ra3 Rxe2 30. Rxa7 e5 31. Kf3 1/2-1/2